Music Quiz

Random Music or Musical Quiz

Amazing Top 40 Musical Connections Quiz Stats

 Plays Quiz not verified by Sporcle

Challenge
Share
Tweet
Image Hosted by ImageShack.us
Score 0/40 Timer 10:00
0 Plays Today
(#) Answer % Correct
1.The Beatles
98.3%
2.Paul McCartney
90.8%
3.Michael Jackson
83.3%
5.Gloria Gaynor
81%
4.The Jackson Five
80.5%
16.Oasis
76.4%
29.John Travolta
72.4%
30.Olivia Newton-John
72.4%
17.Blur
63.8%
18.Gorillaz
63.2%
35.Delight
62.6%
12.The Guess Who
56.9%
14.Bachman-Turner Overdrive
56.3%
25.The Smiths
55.2%
39.Bob Dylan
53.4%
40.Roy Orbison
48.9%
38.The Traveling Wilburys
47.7%
6.Mariah Carey
46.6%
37.Electric Light Orchestra
46%
20.Fatboy Slim
45.4%
(#) Answer % Correct
15.Tal Bachman
43.1%
21.Christopher Walken
39.7%
34.Sugarhill Gang
39.1%
22.New Order
38.5%
7.Celine Dion
37.4%
28.The Parent Trap
34.5%
8.Eric Carmen
33.3%
31.Xanadu
32.8%
23.Ian Curtis
31.6%
24.Johnny Marr
28.7%
10.The Young Rascals
27.6%
36.Good Times
24.7%
26.Definitely Maybe
24.1%
9.The Raspberries
23.6%
32.Cliff Richard
22.4%
19.The Housemartins
20.1%
33.The Shadows
18.4%
27.Kula Shaker
16.7%
13.Johnny Kidd
11.5%
11.Groovy Thing
7.5%

You're not logged in!

Compare scores with friends on all Sporcle quizzes.
Join for Free
OR
Log In

You Might Also Like...

Show Comments

Extras

Top Quizzes Today


Score Distribution

Your Account Isn't Verified!

In order to create a playlist on Sporcle, you need to verify the email address you used during registration. Go to your Sporcle Settings to finish the process.

Report this User

Report this user for behavior that violates our Community Guidelines.

Details: